Southville International School and Colleges
Your cart is empty.
  • Cart
  • Lists
    Public lists Eva Luna New books Lux_list list_1
    Your lists Log in to create your own lists
  • Log in to your account
  • Your cookies
  • Search history
Southville International School and Colleges
  • Advanced search
  • Recent comments
  • Most popular
  • Libraries

Log in to your account

Log in with GOOGLE


If you do not have an external account, but do have a local account, you can still log in:

  1. Home
  2. MARC view: Western vegetarian cooking /
Normal view MARC view ISBD view

Western vegetarian cooking / (Record no. 16929)

[ view plain ]
MARC details
000 -LEADER
fixed length control field 00473nam a22001937a 4500
003 - CONTROL NUMBER IDENTIFIER
control field OSt
005 - DATE AND TIME OF LATEST TRANSACTION
control field 20260122145805.0
008 - FIXED-LENGTH DATA ELEMENTS--GENERAL INFORMATION
fixed length control field 130611t xxu||||| |||| 00| 0 eng d
020 ## - INTERNATIONAL STANDARD BOOK NUMBER
International Standard Book Number 9578444559
050 ## - LIBRARY OF CONGRESS CALL NUMBER
Classification number TX 837
Item number .L298 2002
082 ## - DEWEY DECIMAL CLASSIFICATION NUMBER
Classification number M 641.5636
Item number W52 2002
245 ## - TITLE STATEMENT
Title Western vegetarian cooking /
Statement of responsibility, etc Lao, Ju D.
260 ## - PUBLICATION, DISTRIBUTION, ETC. (IMPRINT)
Date of publication, distribution, etc 2002
300 ## - PHYSICAL DESCRIPTION
Extent 149 p. :
Other physical details ill. col. ;
Dimensions 26 cm.
526 ## - STUDY PROGRAM INFORMATION NOTE
Reading level 1210L-1700L
562 ## - COPY AND VERSION IDENTIFICATION NOTE
Number of copies 1
942 ## - ADDED ENTRY ELEMENTS (KOHA)
Source of classification or shelving scheme Library of Congress Classification
Koha item type Books
Holdings
Withdrawn status Lost status Source of classification or shelving scheme Damaged status Home library Current library Shelving location Date acquired Source of acquisition Total Checkouts Full call number Barcode Date last seen Copy number Price effective from Koha item type
    Library of Congress Classification   College Library College Library General Circulation Section 06/11/2013 Donation   TX 837 .L298 2002 C5174 05/15/2018 1 06/11/2013 Books

Western vegetarian cooking /

APA

(2002). Western vegetarian cooking. : .

Chicago

2002. Western vegetarian cooking. : .

Harvard

(2002). Western vegetarian cooking. : .

MLA

Western vegetarian cooking. : . 2002.

  • Place hold
  • Print
  • Cite
  • Add to your cart (remove)
  • Save record
    BIBTEX Dublin Core MARCXML MARC (non-Unicode/MARC-8) MARC (Unicode/UTF-8) MARC (Unicode/UTF-8, Standard) MODS (XML) RIS
  • More searches
    Search for this title in:
    Other Libraries (WorldCat) Other Databases (Google Scholar) Online Stores (Bookfinder.com) Open Library (openlibrary.org)

Exporting to Dublin Core...

SOUTHVILLE LIBRARY

Southville International School and Colleges Library

1281 Tropical Ave. Cor. Luxembourg St., BF Homes International, Las Pinas City

Tel. No. 8256374 / 252358 Loc. 117/146

Powered by Koha